000 00319nam a22001457a 4500
008 230524b ||||| |||| 00| 0 eng d
020 _a9782253121206
041 _afra
080 _a82
082 _a82PAN
100 _a38
101 _aGJL
245 _aLES YEUX JAUNES DES CROCODILES
_cPANCOL.K
942 _2udc
_cBK
999 _c59816
_d59816